| 000 | 00364nam a2200145 a 4500 | ||
|---|---|---|---|
| 001 | 936 | ||
| 003 | CDMR | ||
| 005 | 20130116135159.0 | ||
| 008 | 130130s1998||||||||||||||||||||||||||||d | ||
| 040 |
_aCDMR _bcat _cCPC LLEIDA |
||
| 100 | 1 |
_aPlanas, Josefina _9731 |
|
| 245 | 1 | 3 |
_aEl esplendor del gótico catalán _cPLANAS, Josefina |
| 260 |
_aLleida _c1998 _bUdL |
||
| 942 | _cMON | ||
| 999 |
_c936 _d936 |
||